Normal view MARC view
  • Furniss B.S

Entry Personal Name

Number of records used in: 1

001 - CONTROL NUMBER

  • control field: 100212

003 - CONTROL NUMBER IDENTIFIER

  • control field: NUST

005 - DATE AND TIME OF LATEST TRANSACTION

  • control field: 20221013151929.0

008 - FIXED-LENGTH DATA ELEMENTS

  • fixed length control field: 221013|| aca||aabn | a|a d

040 ## - CATALOGING SOURCE

  • Original cataloging agency: NUST
  • Transcribing agency: NUST

100 ## - HEADING--PERSONAL NAME

  • Personal name: Furniss B.S

670 ## - SOURCE DATA FOUND

  • Source citation: Work cat.: (NUST)184309: Furniss B.S, A practical organic chemistry
© 2023 Central Library, National University of Sciences and Technology. All Rights Reserved.